Original sin and everyday Protestants (Record no. 29004)
[ view plain ]
| 000 -LEADER | |
|---|---|
| fixed length control field | 01350nam a2200313Ia 4500 |
| 100 1# - MAIN ENTRY--AUTHOR NAME | |
| Personal name | Finstuen, Andrew S. |
| 245 10 - TITLE STATEMENT | |
| Title | Original sin and everyday Protestants |
| 260 ## - PUBLICATION, DISTRIBUTION, ETC. (IMPRINT) | |
| Place of publication | Chapel Hill, NC : |
| Name of publisher | University of North Carolina Press, |
| Year of publication | 2009. |
| 300 ## - PHYSICAL DESCRIPTION | |
| Number of Pages | x, 255 p. |
| 650 #0 - SUBJECT ADDED ENTRY--TOPICAL TERM | |
| Topical Term | Sin, Original |
| 856 40 - ELECTRONIC LOCATION AND ACCESS | |
| Uniform Resource Identifier | http://site.ebrary.com/lib/rucke/Doc?id=10350283 |
No items available.
